Marine climate and climate change : storms, wind waves and storm surges /

Bibliographic Details
Main Author: Weisse, Ralf
Corporate Author: SpringerLink (Online service)
Other Authors: Storch, H. v. (Hans von), 1949-
Format: eBook
Language:English
Published: Berlin ; New York : Chichester : Springer Verlag ; Praxis, [2010]
Series:Springer-Praxis books in environmental sciences.
Subjects:
Online Access:Connect to the full text of this electronic book

MARC

Tag First Indicator Second Indicator Subfields
LEADER 00000cam a2200000Ia 4500
001 in00002575787
005 20210727090350.0
006 m d
007 cr cn|
008 100323s2010 gw abf sb 001 0 eng d
020 |a 3540684913 
020 |a 9783540684916 
035 |a (OCoLC)567359141 
035 |a (OCoLC)ocn567359141 
035 |a 3706506 
037 |a 978-3-540-25316-7  |b Springer  |n http://www.springerlink.com 
040 |a GW5XE  |b eng  |c GW5XE  |d UtOrBLW 
049 |a TXAC 
050 1 4 |a QC994  |b .W45 2010 
070 1 |a QC994  |b .W45 2010 
082 0 4 |a 551.509162  |2 22 
100 1 |a Weisse, Ralf.  |0 http://id.loc.gov/authorities/names/nb2009030135 
245 1 0 |a Marine climate and climate change :  |b storms, wind waves and storm surges /  |c Ralf Weisse and Hans von Storch. 
264 1 |a Berlin ;  |a New York :  |b Springer Verlag ;  |a Chichester :  |b Praxis,  |c [2010] 
264 4 |c ©2010 
300 |a xx, 219 pages, 16 unnumbered pages of plates :  |b illustrations, maps (some color) ;  |c 25 cm. 
336 |a text  |b txt  |2 rdacontent 
337 |a computer  |b c  |2 rdamedia 
338 |a online resource  |b cr  |2 rdacarrier 
490 1 |a Springer-Praxis books in environmental sciences 
500 |a Electronic resource. 
504 |a Includes bibliographical references and index. 
505 0 |a Climate and climate variability -- Marine weather phenomena -- Models for the marine environment -- How to determine long-term changes in marine climate -- Past and future changes in wind, wave, and storm surge climates. 
533 |a Electronic reproduction.  |b New York :  |c Springer,  |d 2010.  |n Mode of access: World Wide Web.  |n System requirements: Web browser.  |n Title from title screen (viewed on Feb. 18, 2010).  |n Access may be restricted to users at subscribing institutions. 
650 0 |a Climatic changes.  |0 http://id.loc.gov/authorities/subjects/sh85027037 
650 0 |a Climatology.  |0 http://id.loc.gov/authorities/subjects/sh85027044 
650 0 |a Marine meteorology  |x Computer simulation. 
650 0 |a Marine meteorology.  |0 http://id.loc.gov/authorities/subjects/sh85084357 
655 7 |a Electronic books.  |2 local 
700 1 |a Storch, H. v.  |q (Hans von),  |d 1949-  |0 http://id.loc.gov/authorities/names/n95019509 
710 2 |a SpringerLink (Online service)  |0 http://id.loc.gov/authorities/names/no2005046756 
776 1 |c Original  |z 9783540253167  |z 3540253165  |w (DLC) 2009933600  |w (OCoLC)144555244 
830 0 |a Springer-Praxis books in environmental sciences.  |0 http://id.loc.gov/authorities/names/n99253215 
856 4 0 |u http://proxy.library.tamu.edu/login?url=https://dx.doi.org/10.1007/978-3-540-68491-6  |z Connect to the full text of this electronic book  |t 0 
994 |a 92  |b TXA 
999 |a MARS 
999 f f |s 5bc06b64-b2d6-3f59-b6bf-3ad992b01636  |i 54856260-01ca-3aad-a75f-79dd74ba5eb5  |t 0 
952 f f |a Texas A&M University  |b College Station  |c Electronic Resources  |d Available Online  |t 0  |e QC994 .W45 2010  |h Library of Congress classification 
998 f f |a QC994 .W45 2010  |t 0  |l Available Online